000 00336nam a2200109Ia 4500
008 220204s9999 xx 000 0 und d
082 _a623.3
_bBAK
100 _aL
245 0 _aEnterprise versus bureaucracy: the development of structural air raid preacautions during second world war
260 _aNew York
_bPergamon
_c1978
942 _cBK
999 _c31983
_d31983